Loading...
| Literature - European | 0 | 7 | 1 | 1 | 65 | 69 | 114.14 | 0 | 2 | 0.00 | 0.00 |
| Literature - World | 0 | 6 | 1 | 0 | 55 | 67 | 104.33 | 0 | 2 | 0.00 | 0.00 |
| Literature - American | 0 | 5 | 0 | 0 | 50 | 47 | 105.20 | 0 | 2 | 0.00 | 0.00 |
| Science - Chemistry | 0 | 5 | 0 | 0 | 50 | 97 | 104.00 | 0 | 0 | 0.00 | 0.00 |
| Literature - British | 0 | 5 | 0 | 0 | 50 | 73 | 125.40 | 0 | 2 | 0.00 | 0.00 |
| Fine Arts - Other | 0 | 4 | 0 | 0 | 40 | 77 | 109.75 | 0 | 1 | 0.00 | 0.00 |
| Fine Arts - Classical Music | 0 | 4 | 0 | 0 | 40 | 73 | 105.50 | 1 | 2 | 0.00 | 0.00 |
| Mythology | 0 | 4 | 0 | 0 | 40 | 49 | 77.75 | 0 | 2 | 0.00 | 0.00 |
| Social Science | 0 | 3 | 0 | 0 | 30 | 62 | 65.33 | 1 | 3 | 0.00 | 0.00 |
| Philosophy | 0 | 3 | 0 | 0 | 30 | 66 | 80.00 | 1 | 1 | 0.00 | 0.00 |
| Religion | 0 | 3 | 0 | 0 | 30 | 66 | 106.33 | 2 | 2 | 0.00 | 0.00 |
| Science - Biology | 0 | 3 | 0 | 1 | 30 | 47 | 79.67 | 0 | 2 | 0.00 | 0.00 |
| Current Events | 0 | 2 | 0 | 0 | 20 | 75 | 84.00 | 0 | 1 | 0.00 | 0.00 |
| Fine Arts - Painting and Sculpture | 0 | 2 | 0 | 0 | 20 | 86 | 111.50 | 0 | 1 | 0.00 | 0.00 |
| Geography | 0 | 1 | 0 | 0 | 10 | 101 | 101.00 | 0 | 1 | 0.00 | 0.00 |
| History - World | 0 | 1 | 0 | 0 | 10 | 93 | 93.00 | 0 | 1 | 0.00 | 0.00 |
| History - American | 0 | 1 | 0 | 1 | 10 | 126 | 126.00 | 0 | 0 | 0.00 | 0.00 |
| Science - Physics | 0 | 0 | 1 | 0 | -5 | 0.00 | 0 | 0 | 0.00 | 0.00 | |
| History - Other | 0 | 0 | 1 | 0 | -5 | 0.00 | 0 | 0 | 0.00 | 0.00 |